| 000 | 00580nam a22001937a 4500 | ||
|---|---|---|---|
| 003 | 0 | ||
| 005 | 20230829124607.0 | ||
| 008 | 230829b xxu||||| |||| 00| 0 eng d | ||
| 020 | _a978-1-382-01633-9 | ||
| 050 |
_aQH 315 _b.Al441 2023 |
||
| 100 | _aAllott, Andrew | ||
| 245 |
_aBiology : course companion _cAndrew Allott |
||
| 260 |
_aOxford, United Kingdom _bOxfor University Press _cc2023. |
||
| 300 |
_aviii, 806 pages : _bcol. ill. ; _c28 cm. |
||
| 500 | _aBiology. | ||
| 504 | _aIncludes bibliographical references and index, | ||
| 650 | _aBiology. | ||
| 942 |
_2lcc _cBK |
||
| 999 |
_c365218 _d365218 |
||